[Event "World Prestigious University 2019"]
[Site "Tianjin"]
[Date "2019.11.28"]
[Round "7.16"]
[White "Wang, Yue"]
[Black "Bibby, Simon"]
[Result "1-0"]
[WhiteElo "2674"]
[BlackElo "2167"]
[PlyCount "129"]
[EventDate "2019.11.26"]
[EventType "team-tourn"]
[EventCountry "CHN"]
[TimeControl "1500+10"]
[WhiteClock "0:04:32"]
[BlackClock "0:01:45"]

1. d4 {[%emt 0:00:01]} d6 {[%emt 0:00:00]} 2. Nf3 {[%emt 0:00:13]} Nf6 {[%emt 0:00:01]} 3. c4 {[%emt 0:00:04]} g6 {[%emt 0:00:01]} 4. Nc3 {[%emt 0:00:01]} Bg7 {[%emt 0:00:02]} 5. e4 {[%emt 0:00:05]} O-O {[%emt 0:00:01]} 6. h3 {[%emt 0:00:04]} e5 {[%emt 0:00:04]} 7. d5 {[%emt 0:00:04]} Nh5 {[%emt 0:00:05]} 8. g3 {[%emt 0:00:21]} f5 {[%emt 0:01:12]} 9. exf5 {[%emt 0:00:13]} gxf5 {[%emt 0:00:02]} 10. Ng5 {[%emt 0:00:15]} Qe8 {[%emt 0:01:51]} 11. Be2 {[%emt 0:00:47]} Nf6 {[%emt 0:00:13]} 12. Be3 {[%emt 0:00:03]} Na6 {[%emt 0:00:17]} 13. Qd2 {[%emt 0:00:10]} Nc5 {[%emt 0:01:09]} 14. O-O-O {[%emt 0:00:08]} h6 {[%emt 0:00:46]} 15. Nf3 {[%emt 0:00:09]} Nfe4 {[%emt 0:00:14]} 16. Nxe4 {[%emt 0:00:18]} Nxe4 {[%emt 0:00:02]} 17. Qc2 {[%emt 0:00:03]} c6 {[%emt 0:03:03]} 18. g4 {[%emt 0:08:22]} cxd5 {[%emt 0:01:26]} 19. Rxd5 {[%emt 0:00:03]} Be6 {[%emt 0:00:29]} 20. Ra5 {[%emt 0:03:51]} b6 {[%emt 0:00:49]} 21. Ra3 {[%emt 0:00:50]} Rc8 {[%emt 0:01:56]} 22. gxf5 {[%emt 0:06:09]} Bxf5 {[%emt 0:00:09]} 23. Bd3 {[%emt 0:02:23]} d5 {[%emt 0:00:03]} 24. Rg1 {[%emt 0:00:02]} a5 {[%emt 0:10:37]} 25. Bxh6 {[%emt 0:00:37]} Rf7 {[%emt 0:00:01]} 26. Qe2 {[%emt 0:01:12]} Qe6 {[%emt 0:00:09]} 27. Bxg7 {[%emt 0:00:57]} Rxg7 {[%emt 0:00:01]} 28. Rxg7+ {[%emt 0:00:01]} Kxg7 {[%emt 0:00:01]} 29. Nd2 {[%emt 0:00:39]} Qh6 {[%emt 0:00:11]} 30. Bxe4 {[%emt 0:00:23]} Rxc4+ {[%emt 0:00:20]} 31. Qxc4 {[%emt 0:00:23]} dxc4 {[%emt 0:00:04]} 32. Bxf5 {[%emt 0:00:19]} b5 {[%emt 0:00:10]} 33. Rg3+ {[%emt 0:00:17]} Kf7 {[%emt 0:00:09]} 34. Be4 {[%emt 0:00:10]} Ke7 {[%emt 0:00:10]} 35. Kc2 {[%emt 0:00:04]} Qb6 {[%emt 0:00:15]} 36. Re3 {[%emt 0:00:08]} Qd4 {[%emt 0:00:09]} 37. Bf3 {[%emt 0:00:15]} Kd6 {[%emt 0:00:24]} 38. Be2 {[%emt 0:00:09]} a4 {[%emt 0:00:46]} 39. a3 {[%emt 0:00:13]} Kc7 {[%emt 0:00:11]} 40. Nf3 {[%emt 0:00:29]} Qd7 {[%emt 0:00:16]} 41. Rxe5 {[%emt 0:00:08]} Qh7+ {[%emt 0:00:10]} 42. Kc1 {[%emt 0:00:13]} Qh6+ {[%emt 0:00:17]} 43. Ng5 {[%emt 0:00:09]} Qf6 {[%emt 0:00:06]} 44. Ne6+ {[%emt 0:00:18]} Kd6 {[%emt 0:00:06]} 45. f4 {[%emt 0:00:01]} Qh4 {[%emt 0:00:09]} 46. Kd2 {[%emt 0:00:11]} Qxh3 {[%emt 0:00:05]} 47. Nd4 {[%emt 0:00:05]} Qh2 {[%emt 0:00:09]} 48. Nxb5+ {[%emt 0:00:04]} Kc6 {[%emt 0:00:06]} 49. Nd4+ {[%emt 0:00:05]} Kd6 {[%emt 0:00:01]} 50. Nf5+ {[%emt 0:00:08]} Kc6 {[%emt 0:00:02]} 51. Re4 {[%emt 0:00:04]} Qf2 {[%emt 0:00:31]} 52. Rxc4+ {[%emt 0:00:05]} Kd5 {[%emt 0:00:06]} 53. Ne3+ {[%emt 0:00:03]} Ke6 {[%emt 0:00:07]} 54. Rxa4 {[%emt 0:00:02]} Qg1 {[%emt 0:00:16]} 55. f5+ {[%emt 0:00:06]} Ke5 {[%emt 0:00:02]} 56. Ra5+ {[%emt 0:00:31]} Kf4 {[%emt 0:00:18]} 57. Ra4+ {[%emt 0:00:02]} Ke5 {[%emt 0:00:01]} 58. Rg4 {[%emt 0:00:03]} Qa1 {[%emt 0:00:06]} 59. Nd1 {[%emt 0:00:25]} Kxf5 {[%emt 0:00:03]} 60. Kc2 {[%emt 0:00:11]} Ke5 {[%emt 0:00:11]} 61. Bc4 {[%emt 0:00:04]} Kd6 {[%emt 0:00:12]} 62. Rg1 {[%emt 0:00:06]} Kc5 {[%emt 0:00:04]} 63. Bb3 {[%emt 0:00:02]} Kb6 {[%emt 0:00:10]} 64. Rf1 {[%emt 0:00:02]} Kc5 {[%emt 0:00:01]} 65. Ne3 {[%emt 0:00:02]} 1-0

[Event "World Prestigious University 2019"]
[Site "Tianjin"]
[Date "2019.11.28"]
[Round "7.17"]
[White "Hirao, Satoshi"]
[Black "Li, Yankai"]
[Result "0-1"]
[WhiteElo "1958"]
[BlackElo "2432"]
[PlyCount "92"]
[EventDate "2019.11.26"]
[EventType "team-tourn"]
[EventCountry "CHN"]
[TimeControl "1500+10"]
[WhiteClock "0:06:32"]
[BlackClock "0:00:43"]

1. e4 {[%emt 0:00:00]} c5 {[%emt 0:00:00]} 2. Nf3 {[%emt 0:00:00]} d6 {[%emt 0:00:00]} 3. d4 {[%emt 0:00:00]} cxd4 {[%emt 0:00:00]} 4. Nxd4 {[%emt 0:00:00]} Nf6 {[%emt 0:00:00]} 5. Nc3 {[%emt 0:00:02]} a6 {[%emt 0:00:00]} 6. Bg5 {[%emt 0:00:04]} e6 {[%emt 0:00:00]} 7. f4 {[%emt 0:00:02]} h6 {[%emt 0:00:01]} 8. Bh4 {[%emt 0:00:05]} Qb6 {[%emt 0:00:02]} 9. a3 {[%emt 0:00:12]} Be7 {[%emt 0:00:01]} 10. Bf2 {[%emt 0:00:05]} Qc7 {[%emt 0:00:02]} 11. Qf3 {[%emt 0:00:06]} Nbd7 {[%emt 0:00:02]} 12. O-O-O {[%emt 0:00:11]} b5 {[%emt 0:00:02]} 13. g4 {[%emt 0:00:12]} g5 {[%emt 0:01:21]} 14. Qh3 {[%emt 0:08:45]} h5 {[%emt 0:11:17]} 15. fxg5 {[%emt 0:01:22]} Nxg4 {[%emt 0:00:06]} 16. g6 {[%emt 0:01:39]} Nde5 {[%emt 0:02:31]} 17. gxf7+ {[%emt 0:02:54]} Nxf7 {[%emt 0:00:11]} 18. Bh4 {[%emt 0:02:05]} Bxh4 {[%emt 0:02:11]} 19. Qxh4 {[%emt 0:00:01]} Qe7 {[%emt 0:00:01]} 20. Qxe7+ {[%emt 0:00:28]} Kxe7 {[%emt 0:00:02]} 21. Rd2 {[%emt 0:00:36]} Bd7 {[%emt 0:00:10]} 22. Nd1 {[%emt 0:00:28]} Rab8 {[%emt 0:00:47]} 23. h3 {[%emt 0:00:02]} Nge5 {[%emt 0:00:12]} 24. Ne3 {[%emt 0:00:25]} a5 {[%emt 0:00:02]} 25. Be2 {[%emt 0:02:04]} b4 {[%emt 0:00:18]} 26. axb4 {[%emt 0:00:41]} axb4 {[%emt 0:00:03]} 27. Nb3 {[%emt 0:00:22]} Ng5 {[%emt 0:00:33]} 28. Rd4 {[%emt 0:01:23]} Nc6 {[%emt 0:00:36]} 29. Rc4 {[%emt 0:00:26]} Nf7 {[%emt 0:00:01]} 30. Nd4 {[%emt 0:00:17]} Nfe5 {[%emt 0:01:47]} 31. Nxc6+ {[%emt 0:00:02]} Bxc6 {[%emt 0:00:01]} 32. Rd4 {[%emt 0:00:03]} b3 {[%emt 0:00:46]} 33. Rg1 {[%emt 0:01:46]} bxc2 {[%emt 0:00:12]} 34. Kxc2 {[%emt 0:00:03]} Rhg8 {[%emt 0:01:51]} 35. Rxg8 {[%emt 0:00:18]} Rxg8 {[%emt 0:00:06]} 36. Bxh5 {[%emt 0:00:06]} Rg3 {[%emt 0:00:11]} 37. Ng4 {[%emt 0:02:22]} Nf3 {[%emt 0:00:19]} 38. Rc4 {[%emt 0:00:17]} Rxh3 {[%emt 0:00:03]} 39. Rxc6 {[%emt 0:00:17]} Nd4+ {[%emt 0:00:01]} 40. Kd2 {[%emt 0:00:11]} Nxc6 {[%emt 0:00:02]} 41. Bg6 {[%emt 0:00:43]} Rg3 {[%emt 0:00:01]} 42. Bh5 {[%emt 0:00:06]} Nb4 {[%emt 0:00:03]} 43. Nf2 {[%emt 0:00:08]} Kf6 {[%emt 0:00:03]} 44. Bd1 {[%emt 0:00:15]} Ke5 {[%emt 0:00:02]} 45. Ba4 {[%emt 0:00:12]} Kd4 {[%emt 0:00:07]} 46. Bd7 {[%emt 0:00:11]} Rg2 {[%emt 0:00:01]} 0-1

[Event "World Prestigious University 2019"]
[Site "Tianjin"]
[Date "2019.11.28"]
[Round "7.18"]
[White "Xiao, Yiyi"]
[Black "Balashov, Yuri S"]
[Result "1-0"]
[WhiteElo "2306"]
[BlackElo "2465"]
[PlyCount "75"]
[EventDate "2019.11.26"]
[EventType "team-tourn"]
[EventCountry "CHN"]
[TimeControl "1500+10"]
[WhiteClock "0:06:26"]
[BlackClock "0:07:05"]

1. d4 {[%emt 0:00:05]} d5 {[%emt 0:00:00]} 2. c4 {[%emt 0:00:06]} e6 {[%emt 0:00:15]} 3. Nf3 {[%emt 0:00:12]} Nf6 {[%emt 0:00:39]} 4. g3 {[%emt 0:00:05]} Be7 {[%emt 0:00:33]} 5. Bg2 {[%emt 0:00:05]} Nbd7 {[%emt 0:00:45]} 6. O-O {[%emt 0:00:13]} O-O {[%emt 0:00:12]} 7. Qc2 {[%emt 0:00:16]} c6 {[%emt 0:00:41]} 8. Nbd2 {[%emt 0:00:12]} b6 {[%emt 0:01:00]} 9. e4 {[%emt 0:00:45]} h6 {[%emt 0:02:09]} 10. e5 {[%emt 0:00:22]} Nh7 {[%emt 0:00:30]} 11. h4 {[%emt 0:01:38]} Ba6 {[%emt 0:01:32]} 12. Re1 {[%emt 0:00:44]} Rc8 {[%emt 0:00:37]} 13. cxd5 {[%emt 0:01:50]} cxd5 {[%emt 0:00:43]} 14. Qa4 {[%emt 0:00:03]} Bc4 {[%emt 0:03:31]} 15. Nf1 {[%emt 0:01:11]} a5 {[%emt 0:01:28]} 16. Qd1 {[%emt 0:01:21]} Re8 {[%emt 0:01:02]} 17. Ne3 {[%emt 0:00:24]} Ba6 {[%emt 0:00:32]} 18. Bd2 {[%emt 0:01:16]} f6 {[%emt 0:01:05]} 19. exf6 {[%emt 0:00:37]} Nhxf6 {[%emt 0:00:22]} 20. Ne5 {[%emt 0:00:04]} Nxe5 {[%emt 0:00:24]} 21. dxe5 {[%emt 0:00:04]} Nd7 {[%emt 0:00:33]} 22. Qh5 {[%emt 0:02:34]} Rf8 {[%emt 0:00:59]} 23. Qg6 {[%emt 0:05:42]} Rc6 {[%emt 0:02:00]} 24. Nxd5 {[%emt 0:01:19]} Qe8 {[%emt 0:01:08]} 25. Qxe8 {[%emt 0:00:13]} Rxe8 {[%emt 0:00:04]} 26. Nxe7+ {[%emt 0:00:04]} Rxe7 {[%emt 0:00:06]} 27. Bxc6 {[%emt 0:00:05]} Nf8 {[%emt 0:00:06]} 28. Rad1 {[%emt 0:00:18]} Kh7 {[%emt 0:00:20]} 29. Be3 {[%emt 0:00:07]} b5 {[%emt 0:00:13]} 30. Be4+ {[%emt 0:00:24]} g6 {[%emt 0:00:11]} 31. Bc5 {[%emt 0:00:18]} Rf7 {[%emt 0:00:11]} 32. h5 {[%emt 0:00:12]} b4 {[%emt 0:00:12]} 33. Rd8 {[%emt 0:00:31]} Nd7 {[%emt 0:00:19]} 34. hxg6+ {[%emt 0:00:10]} Kg7 {[%emt 0:00:14]} 35. gxf7 {[%emt 0:00:20]} Kxf7 {[%emt 0:00:00]} 36. Rxd7+ {[%emt 0:00:07]} Ke8 {[%emt 0:00:03]} 37. Red1 {[%emt 0:00:13]} Bb5 {[%emt 0:00:05]} 38. Bg6# {[%emt 0:00:05]} 1-0

[Event "World Prestigious University 2019"]
[Site "Tianjin"]
[Date "2019.11.28"]
[Round "8.1"]
[White "TannerAustin, McNamara"]
[Black "Bibby, Simon"]
[Result "0-1"]
[WhiteElo "1983"]
[BlackElo "2167"]
[PlyCount "78"]
[EventDate "2019.11.26"]
[EventType "team-tourn"]
[EventCountry "CHN"]
[TimeControl "1500+10"]
[WhiteClock "0:02:28"]
[BlackClock "0:00:12"]

1. d4 {[%emt 0:00:00]} d6 {[%emt 0:00:00]} 2. Nf3 {[%emt 0:00:00]} g6 {[%emt 0:00:00]} 3. c4 {[%emt 0:00:10]} Bg7 {[%emt 0:00:00]} 4. Nc3 {[%emt 0:00:03]} e5 {[%emt 0:00:00]} 5. d5 {[%emt 0:00:07]} f5 {[%emt 0:00:00]} 6. e4 {[%emt 0:00:07]} Nf6 {[%emt 0:00:02]} 7. Bd3 {[%emt 0:00:05]} O-O {[%emt 0:00:39]} 8. O-O {[%emt 0:03:48]} Na6 {[%emt 0:01:45]} 9. Nd2 {[%emt 0:02:36]} f4 {[%emt 0:00:54]} 10. Rb1 {[%emt 0:01:48]} g5 {[%emt 0:00:22]} 11. b4 {[%emt 0:01:22]} g4 {[%emt 0:00:24]} 12. c5 {[%emt 0:00:45]} Ne8 {[%emt 0:04:48]} 13. Bxa6 {[%emt 0:02:22]} bxa6 {[%emt 0:00:01]} 14. Nc4 {[%emt 0:00:02]} Rf6 {[%emt 0:00:56]} 15. Rb3 {[%emt 0:01:30]} Bf8 {[%emt 0:03:50]} 16. cxd6 {[%emt 0:03:53]} Bxd6 {[%emt 0:01:06]} 17. Nxd6 {[%emt 0:02:20]} Nxd6 {[%emt 0:00:19]} 18. g3 {[%emt 0:00:16]} Rh6 {[%emt 0:00:33]} 19. h4 {[%emt 0:00:55]} gxh3 {[%emt 0:01:00]} 20. Kh2 {[%emt 0:00:10]} Rg6 {[%emt 0:01:46]} 21. Qh5 {[%emt 0:01:33]} Nf7 {[%emt 0:02:15]} 22. Qe2 {[%emt 0:01:20]} Bg4 {[%emt 0:00:56]} 23. Qc4 {[%emt 0:00:10]} Bf3 {[%emt 0:01:40]} 24. Rg1 {[%emt 0:01:48]} Bg2 {[%emt 0:00:29]} 25. gxf4 {[%emt 0:00:16]} Qh4 {[%emt 0:00:23]} 26. f5 {[%emt 0:00:45]} Qxf2 {[%emt 0:00:11]} 27. fxg6 {[%emt 0:00:38]} Bf1+ {[%emt 0:00:22]} 28. Kh1 {[%emt 0:00:01]} Bxc4 {[%emt 0:00:14]} 29. gxf7+ {[%emt 0:00:18]} Kxf7 {[%emt 0:00:00]} 30. Nd1 {[%emt 0:00:05]} Qe2 {[%emt 0:01:48]} 31. Re3 {[%emt 0:00:16]} Qh5 {[%emt 0:00:02]} 32. Reg3 {[%emt 0:00:05]} Rf8 {[%emt 0:00:19]} 33. Ne3 {[%emt 0:00:18]} Bd3 {[%emt 0:00:37]} 34. Ng4 {[%emt 0:00:29]} Ke7 {[%emt 0:00:26]} 35. Rxd3 {[%emt 0:00:07]} h2 {[%emt 0:00:12]} 36. Re1 {[%emt 0:00:18]} Qxg4 {[%emt 0:00:05]} 37. b5 {[%emt 0:00:04]} Rg8 {[%emt 0:00:16]} 38. Ba3+ {[%emt 0:00:12]} Kd7 {[%emt 0:00:05]} 39. Rd2 {[%emt 0:00:16]} Qg1+ {[%emt 0:00:17]} 0-1

[Event "World Prestigious University 2019"]
[Site "Tianjin"]
[Date "2019.11.28"]
[Round "8.2"]
[White "Hirao, Satoshi"]
[Black "Lei, Sean"]
[Result "1-0"]
[WhiteElo "1958"]
[BlackElo "1895"]
[PlyCount "71"]
[EventDate "2019.11.26"]
[EventType "team-tourn"]
[EventCountry "CHN"]
[TimeControl "1500+10"]
[WhiteClock "0:01:21"]
[BlackClock "0:00:13"]

1. e4 {[%emt 0:00:00]} d6 {[%emt 0:00:00]} 2. d4 {[%emt 0:00:00]} Nf6 {[%emt 0:00:00]} 3. Nc3 {[%emt 0:00:00]} Nbd7 {[%emt 0:00:00]} 4. Nf3 {[%emt 0:00:03]} e5 {[%emt 0:00:00]} 5. Bc4 {[%emt 0:00:09]} Be7 {[%emt 0:00:00]} 6. O-O {[%emt 0:00:05]} O-O {[%emt 0:00:00]} 7. Re1 {[%emt 0:00:04]} c6 {[%emt 0:00:01]} 8. a4 {[%emt 0:00:13]} b6 {[%emt 0:00:02]} 9. Ba2 {[%emt 0:00:25]} a6 {[%emt 0:00:03]} 10. Bg5 {[%emt 0:00:19]} Rb8 {[%emt 0:00:07]} 11. Nh4 {[%emt 0:00:11]} h6 {[%emt 0:05:06]} 12. Be3 {[%emt 0:04:40]} exd4 {[%emt 0:03:56]} 13. Bxd4 {[%emt 0:02:19]} Nc5 {[%emt 0:02:33]} 14. Ng6 {[%emt 0:04:30]} Re8 {[%emt 0:03:27]} 15. e5 {[%emt 0:00:31]} Ng4 {[%emt 0:04:28]} 16. Nxe7+ {[%emt 0:02:56]} Rxe7 {[%emt 0:01:43]} 17. e6 {[%emt 0:05:09]} f5 {[%emt 0:00:04]} 18. h3 {[%emt 0:00:27]} Nf6 {[%emt 0:00:09]} 19. Bxf6 {[%emt 0:01:33]} gxf6 {[%emt 0:00:01]} 20. Qh5 {[%emt 0:01:48]} d5 {[%emt 0:01:35]} 21. Qg6+ {[%emt 0:01:36]} Rg7 {[%emt 0:00:06]} 22. Qxf5 {[%emt 0:00:07]} Rg5 {[%emt 0:00:19]} 23. Qf4 {[%emt 0:00:54]} Rb7 {[%emt 0:00:46]} 24. b4 {[%emt 0:00:40]} Nxe6 {[%emt 0:00:07]} 25. Qd2 {[%emt 0:00:06]} Rbg7 {[%emt 0:00:05]} 26. g3 {[%emt 0:00:03]} Qf8 {[%emt 0:00:34]} 27. h4 {[%emt 0:00:18]} Rg4 {[%emt 0:00:20]} 28. Nxd5 {[%emt 0:00:07]} cxd5 {[%emt 0:00:16]} 29. Bxd5 {[%emt 0:00:02]} Re7 {[%emt 0:00:47]} 30. Qe2 {[%emt 0:00:01]} Rd4 {[%emt 0:01:03]} 31. Rad1 {[%emt 0:00:19]} Rxd1 32. Qxd1 Kh8 {[%emt 0:00:56]} 33. Qe2 {[%emt 0:00:22]} Qd8 {[%emt 0:00:32]} 34. c4 {[%emt 0:00:10]} Re8 {[%emt 0:00:13]} 35. Qh5 {[%emt 0:00:18]} Kg7 {[%emt 0:00:10]} 36. Re4 {[%emt 0:00:22]} 1-0

[Event "World Prestigious University 2019"]
[Site "Tianjin"]
[Date "2019.11.28"]
[Round "8.3"]
[White "Zhou, Qiyu"]
[Black "Balashov, Yuri S"]
[Result "1-0"]
[WhiteElo "2216"]
[BlackElo "2465"]
[PlyCount "43"]
[EventDate "2019.11.26"]
[EventType "team-tourn"]
[EventCountry "CHN"]
[TimeControl "1500+10"]
[WhiteClock "0:14:22"]
[BlackClock "0:21:49"]

1. e4 {[%emt 0:00:00]} c5 {[%emt 0:00:00]} 2. Nf3 {[%emt 0:00:00]} e6 {[%emt 0:00:02]} 3. d4 {[%emt 0:00:00]} cxd4 {[%emt 0:00:21]} 4. Nxd4 {[%emt 0:00:00]} a6 {[%emt 0:00:11]} 5. Nc3 {[%emt 0:00:00]} Qc7 {[%emt 0:00:14]} 6. a3 {[%emt 0:00:15]} b5 {[%emt 0:00:44]} 7. Be3 {[%emt 0:00:29]} Nf6 {[%emt 0:00:48]} 8. f3 {[%emt 0:00:12]} Bb7 {[%emt 0:00:33]} 9. Qd2 {[%emt 0:00:03]} d6 {[%emt 0:00:37]} 10. g4 {[%emt 0:00:03]} Be7 {[%emt 0:01:29]} 11. O-O-O {[%emt 0:00:26]} Nbd7 {[%emt 0:00:34]} 12. g5 {[%emt 0:00:13]} Nh5 {[%emt 0:01:09]} 13. f4 {[%emt 0:02:22]} g6 {[%emt 0:00:44]} 14. Be2 {[%emt 0:00:52]} Ng7 {[%emt 0:00:12]} 15. h4 {[%emt 0:00:41]} O-O-O {[%emt 0:01:12]} 16. Ncxb5 {[%emt 0:00:55]} axb5 {[%emt 0:02:43]} 17. Nxb5 {[%emt 0:00:02]} Qb8 {[%emt 0:01:06]} 18. Na7+ {[%emt 0:00:04]} Kc7 {[%emt 0:00:27]} 19. Qa5+ {[%emt 0:00:06]} Nb6 {[%emt 0:00:44]} 20. Bxb6+ {[%emt 0:00:04]} Kd7 {[%emt 0:00:07]} 21. Bb5+ {[%emt 0:00:01]} Bc6 {[%emt 0:00:11]} 22. Bxc6# {[%emt 0:00:03]} 1-0

[Event "World Prestigious University 2019"]
[Site "Tianjin"]
[Date "2019.11.28"]
[Round "8.4"]
[White "Li, Ethan"]
[Black "Wang, Yue"]
[Result "0-1"]
[WhiteElo "2209"]
[BlackElo "2674"]
[PlyCount "90"]
[EventDate "2019.11.26"]
[EventType "team-tourn"]
[EventCountry "CHN"]
[TimeControl "1500+10"]
[WhiteClock "0:04:33"]
[BlackClock "0:00:23"]

1. d4 {[%emt 0:00:00]} Nf6 {[%emt 0:00:00]} 2. c4 {[%emt 0:00:00]} e6 {[%emt 0:00:07]} 3. Nf3 {[%emt 0:00:00]} Bb4+ {[%emt 0:00:06]} 4. Bd2 {[%emt 0:00:01]} Qe7 {[%emt 0:00:02]} 5. g3 {[%emt 0:00:02]} Nc6 {[%emt 0:00:02]} 6. Nc3 {[%emt 0:00:02]} O-O {[%emt 0:00:31]} 7. Bg2 {[%emt 0:00:04]} Bxc3 {[%emt 0:00:02]} 8. Bxc3 {[%emt 0:00:03]} Ne4 {[%emt 0:00:02]} 9. Rc1 {[%emt 0:00:02]} d6 {[%emt 0:00:05]} 10. d5 {[%emt 0:00:02]} Nb8 {[%emt 0:01:56]} 11. Bd4 {[%emt 0:01:28]} e5 {[%emt 0:00:31]} 12. Be3 {[%emt 0:00:02]} a5 {[%emt 0:00:11]} 13. Nd2 {[%emt 0:00:27]} Nxd2 {[%emt 0:00:59]} 14. Qxd2 {[%emt 0:00:03]} Nd7 {[%emt 0:00:02]} 15. b3 {[%emt 0:02:53]} Nc5 {[%emt 0:01:37]} 16. Qc2 {[%emt 0:00:30]} f5 {[%emt 0:01:15]} 17. a3 {[%emt 0:02:02]} f4 {[%emt 0:00:48]} 18. Bxc5 {[%emt 0:00:25]} dxc5 {[%emt 0:00:01]} 19. Be4 {[%emt 0:00:14]} h6 {[%emt 0:01:00]} 20. Rb1 {[%emt 0:03:32]} Ra6 {[%emt 0:01:43]} 21. f3 {[%emt 0:05:27]} Bd7 {[%emt 0:02:32]} 22. g4 {[%emt 0:01:08]} a4 {[%emt 0:00:25]} 23. b4 {[%emt 0:00:33]} cxb4 {[%emt 0:00:03]} 24. axb4 {[%emt 0:00:33]} a3 {[%emt 0:00:40]} 25. c5 {[%emt 0:02:36]} Qh4+ {[%emt 0:00:29]} 26. Kd2 {[%emt 0:00:08]} Bb5 {[%emt 0:02:52]} 27. Bd3 {[%emt 0:00:30]} Bxd3 {[%emt 0:00:19]} 28. Qxd3 {[%emt 0:00:02]} a2 {[%emt 0:00:09]} 29. Ra1 {[%emt 0:00:20]} Rfa8 {[%emt 0:00:01]} 30. Qc4 {[%emt 0:03:16]} Kh8 {[%emt 0:00:11]} 31. h3 {[%emt 0:01:33]} Ra3 {[%emt 0:00:34]} 32. Rhc1 {[%emt 0:00:19]} e4 {[%emt 0:01:57]} 33. Qxe4 {[%emt 0:01:22]} Qf6 {[%emt 0:00:02]} 34. Qc4 {[%emt 0:00:16]} Qe5 {[%emt 0:02:19]} 35. Qe4 {[%emt 0:00:27]} Qb2+ {[%emt 0:00:18]} 36. Ke1 {[%emt 0:00:01]} Re3 {[%emt 0:00:15]} 37. Qc2 {[%emt 0:00:05]} Qxb4+ {[%emt 0:00:06]} 38. Kf1 {[%emt 0:00:00]} Rea3 {[%emt 0:00:58]} 39. Rd1 {[%emt 0:00:01]} Rc3 {[%emt 0:00:55]} 40. Qd2 {[%emt 0:00:01]} Qc4 {[%emt 0:00:01]} 41. Kg2 {[%emt 0:00:21]} Rc2 {[%emt 0:00:13]} 42. Qd3 {[%emt 0:00:40]} Qxc5 {[%emt 0:01:19]} 43. Rd2 {[%emt 0:00:17]} Rxd2 {[%emt 0:00:08]} 44. Qxd2 {[%emt 0:00:02]} Qc4 {[%emt 0:00:03]} 45. Kf1 {[%emt 0:00:17]} b5 {[%emt 0:00:08]} 0-1

[Event "World Prestigious University 2019"]
[Site "Tianjin"]
[Date "2019.11.28"]
[Round "8.7"]
[White "Daniel, Karim Abbas"]
[Black "Green, Michael L"]
[Result "1-0"]
[WhiteElo "2251"]
[BlackElo "2073"]
[PlyCount "107"]
[EventDate "2019.11.26"]
[EventType "team-tourn"]
[EventCountry "CHN"]
[TimeControl "1500+10"]
[WhiteClock "0:00:27"]
[BlackClock "0:07:20"]

1. e4 {[%emt 0:00:00]} c5 {[%emt 0:00:00]} 2. Nf3 {[%emt 0:00:00]} Nc6 {[%emt 0:00:00]} 3. Bb5 {[%emt 0:00:00]} Nf6 {[%emt 0:00:00]} 4. Nc3 {[%emt 0:00:20]} Qc7 {[%emt 0:00:01]} 5. Bxc6 {[%emt 0:01:39]} dxc6 {[%emt 0:00:08]} 6. d3 {[%emt 0:00:07]} e5 {[%emt 0:00:02]} 7. h3 {[%emt 0:00:06]} h6 {[%emt 0:00:05]} 8. Be3 {[%emt 0:00:09]} Be6 {[%emt 0:00:07]} 9. Nd2 {[%emt 0:02:18]} Be7 {[%emt 0:00:45]} 10. a3 {[%emt 0:00:21]} Nd7 {[%emt 0:00:50]} 11. Qb1 {[%emt 0:01:28]} Bg5 {[%emt 0:01:05]} 12. b4 {[%emt 0:00:49]} Bxe3 {[%emt 0:00:23]} 13. fxe3 {[%emt 0:00:01]} O-O {[%emt 0:01:59]} 14. bxc5 {[%emt 0:00:43]} Qa5 {[%emt 0:01:08]} 15. Qb4 {[%emt 0:00:19]} Qxc5 {[%emt 0:00:26]} 16. Ke2 {[%emt 0:00:42]} Rfd8 {[%emt 0:02:13]} 17. Nf3 {[%emt 0:02:40]} Qxb4 {[%emt 0:03:30]} 18. axb4 {[%emt 0:00:01]} f6 {[%emt 0:01:31]} 19. Ra5 {[%emt 0:01:18]} b6 {[%emt 0:01:44]} 20. Ra3 {[%emt 0:01:13]} Nf8 {[%emt 0:05:35]} 21. Rha1 {[%emt 0:00:38]} Rd7 {[%emt 0:00:01]} 22. Ra6 {[%emt 0:00:22]} c5 {[%emt 0:02:02]} 23. bxc5 {[%emt 0:01:55]} bxc5 {[%emt 0:00:20]} 24. R1a5 {[%emt 0:00:06]} Rc7 {[%emt 0:01:03]} 25. Nb5 {[%emt 0:00:09]} Rb7 {[%emt 0:00:09]} 26. c4 {[%emt 0:00:59]} Bd7 {[%emt 0:01:39]} 27. Rxa7 {[%emt 0:00:17]} Rbxa7 {[%emt 0:00:26]} 28. Rxa7 {[%emt 0:00:01]} Rxa7 {[%emt 0:00:07]} 29. Nxa7 {[%emt 0:00:02]} Ne6 {[%emt 0:00:17]} 30. Nb5 {[%emt 0:00:13]} g5 {[%emt 0:01:22]} 31. Nd2 {[%emt 0:00:21]} Kf8 {[%emt 0:00:22]} 32. Nc3 {[%emt 0:00:06]} Kf7 {[%emt 0:00:36]} 33. Nb3 {[%emt 0:00:22]} Kg6 {[%emt 0:00:13]} 34. Nd5 {[%emt 0:00:16]} h5 {[%emt 0:00:13]} 35. Na5 {[%emt 0:01:28]} g4 {[%emt 0:00:06]} 36. hxg4 {[%emt 0:00:40]} hxg4 {[%emt 0:00:00]} 37. Nb6 {[%emt 0:00:46]} Be8 {[%emt 0:00:07]} 38. Nb7 {[%emt 0:00:03]} Kg5 {[%emt 0:00:07]} 39. Nd6 {[%emt 0:00:31]} Bh5 {[%emt 0:00:10]} 40. g3 {[%emt 0:00:01]} Kh6 {[%emt 0:00:32]} 41. Nd7 {[%emt 0:00:06]} Kg7 {[%emt 0:00:10]} 42. Nb7 {[%emt 0:00:13]} Be8 {[%emt 0:00:10]} 43. Ndxc5 {[%emt 0:00:12]} Ng5 {[%emt 0:00:14]} 44. Nd6 {[%emt 0:00:08]} Bc6 {[%emt 0:00:05]} 45. d4 {[%emt 0:00:15]} exd4 {[%emt 0:00:03]} 46. exd4 {[%emt 0:00:02]} Nf3 {[%emt 0:00:13]} 47. d5 {[%emt 0:00:28]} Ba8 {[%emt 0:00:00]} 48. Ne6+ {[%emt 0:00:12]} Kg6 {[%emt 0:00:19]} 49. Nc7 {[%emt 0:00:14]} Bxd5 {[%emt 0:00:11]} 50. exd5 {[%emt 0:00:19]} Nd4+ {[%emt 0:00:17]} 51. Ke3 {[%emt 0:00:12]} Nb3 {[%emt 0:00:02]} 52. Ne6 {[%emt 0:00:13]} f5 {[%emt 0:00:12]} 53. c5 {[%emt 0:00:28]} f4+ {[%emt 0:00:03]} 54. Kxf4 {[%emt 0:00:08]} 1-0